| 000 | 00504nam a22001577a 4500 | ||
|---|---|---|---|
| 999 |
_c535399 _d535399 |
||
| 020 | _qHard Cover. | ||
| 082 | _a621.3 | ||
| 100 | _aSyed Mamnoon Akhter | ||
| 245 |
_aControl of Quadrotor Miniature Flying Robot / _cSyed Mamnoon Akhter. |
||
| 260 |
_aIslamabad : _bPNEC - NUST, _c2012. |
||
| 300 |
_ax, 50 p. : ill. ; _c30cm. |
||
| 942 |
_2ddc _cTHE |
||
| 650 |
_aElectrical Engineering MS-Thesis. _916073 |
||
| 700 |
_aDr. Vali Uddin Abbas. _929941 |
||